000 00682cab a2200217 4500
001 WB2318-03
008 090401t1987 xxu||||| |||| 00| 0 eng d
035 _a(Sirsi) u73203
041 _aeng
245 _aBetter buildings
260 _c1987
350 _a0
490 _aEstates Gazette
_v282(6332) 2/5/87 p552
520 _aA report from the BRE , Better briefing means better buildings, concludes that the building project will benefit if the client is involved and kept informed from the start.
650 _aCLIENT DEMAND
650 _aLIFE CYCLE COSTING
650 _aProject management
_96261
690 _aBUILT ENVIRONMENT
942 _n0
948 _c04/03/1997
999 _c46296
_d46296